000 01020nam a22003257a 4500
001 882433
003 OSt
005 20210427062914.0
008 800813s1982 nyu 000 0 eng
010 _a 80020835
020 _a0671438190
040 _aDLC
_cDLC
_dDLC
043 _an-us-ny
050 0 0 _aPS3562.A755
_bG6
080 _a821.111
_bL-36
082 0 0 _a813/.54
_219
100 1 _aLathen, Emma.
245 1 0 _aGoing for the gold /
_cEmma Lathen.
_b/ by: Pocket Books
260 _aNew York
_bPocket Books
_cc1981.
300 _a238 p.
_c22 cm.
650 0 _aThatcher, John Putnam (Fictitious character)
_vFiction.
650 0 _aEnglish literature
_9254
650 0 _aBankers
_vFiction.
651 0 _aNew York (N.Y.)
_vFiction.
651 0 _aWall Street (New York, N.Y.)
_vFiction.
653 _aინგლისური ლიტერატურა
_aპროზა
655 7 _aDetective and mystery stories.
_2gsafd
906 _a7
_bcbc
_corignew
_du
_eocip
_f19
_gy-gencatlg
942 _2udc
_cBK
999 _c2225
_d2225